Trasa Autobusu 159 Warszawa - Statystyki

Ogólne statystyki
  • Ten quiz został rozwiązany 5 razy
  • Średni wynik to 15 z 29
Statystyki odpowiedzi
Ulice Przystanek % Poprawnych
Łazienkowska / Czerniakowska Legia - Stadion
100%
Czerniakowska Bartycka
67%
Aleje Jerozolimskie Berestecka
67%
Aleje Jerozolimskie Białobrzeska
67%
Opaczewska CH Blue City
67%
Aleje Jerozolimskie Dw. Zachodni
67%
Aleje Jerozolimskie Grzymały-Sokołowskiego
67%
Koszykowa Koszykowa
67%
Koszykowa Lindleya
67%
Al. Polski Walczącej Małe Siekierki
67%
Al. Polski Walczącej Małe Siekierki
67%
Niemcewicza Niemcewicza
67%
Koszykowa / Piękna Pl. Konstytucji
67%
Aleje Jerozolimskie / Koszykowa Pl. Zawiszy
67%
Aleje Jerozolimskie Rondo Zesłańców Syberyjskich
67%
Łazienkowska Rozbrat
67%
Czerniakowska / Al. Polski Walczącej Sielce
67%
Czerniakowska Szwoleżerów
67%
Opaczewska Al. Bohaterów Września
33%
Al. Polski Walczącej Grupy AK "Północ"
33%
Piękna Mokotowska
33%
Al. Bohaterów Września Na Bateryjce
33%
Piękna Piękna
33%
Aleje Jerozolimskie Spiska
33%
Gornośląska Wiejska
33%
Czerniakowska Zaruskiego
33%
Al. Polski Walczącej Batalionu AK "Bałtyk"
0%
Koszykowa Krzywickiego
0%
Koszykowa Noakowskiego
0%
Nie znaleziono quizów pasujących do podanych kryteriów
Rozkład punktacji
Procent ludzi z każdym wynikiem
Percentyl według liczby udzielonych odpowiedzi
Twoja historia wyników
Nie rozwiązałeś tego quizu